Perspectivas del desarrollo regional y urbano

Uloženo v:
Podrobná bibliografie
Hlavní autor: Zúñiga Chavarría, Eduardo
Médium: Text
Vydáno: San José: INVU
Tagy: Přidat tag
Žádné tagy, Buďte první, kdo vytvoří štítek k tomuto záznamu!

MARC

LEADER 00000 a a2200000 04500
001 17066
003
040
090 |a 007900  
100 |a Zúñiga Chavarría, Eduardo  
245 |a Perspectivas del desarrollo regional y urbano  
260 |a San José:   |b INVU  
300 |a 10 p.  
999 |c 12309  |d 12309